Pays commençant par la lettre 'C' - Statistiques

Statistiques générales
  • Ce quiz a été pris 455 fois
  • Le résultat moyen est 10 sur 15
Statistiques - réponses
Population Pays % Correct
1,357,000,000 Chine
92%
35,160,000 Canada
86%
47,120,000 Colombie
78%
4,253,000 Croatie
75%
22,250,000 Cameroun
74%
17,620,000 Chili
70%
24,900,000 Corée du Nord
67%
50,220,000 Corée du Sud
67%
15,140,000 Cambodge
64%
1,141,000 Chypre
63%
4,872,000 Costa Rica
61%
11,270,000 Cuba
60%
734,917 Comores
51%
498,897 Cap-Vert
42%
20,320,000 Côte d'Ivoire
42%
Aucun quiz correspondant
Distribution des résultats
% des personnes avec chaque résultat
Percentile par nombre de réponses
Votre historique - résultats
Vous n’avez pas pris ce quiz